Teorie evropské integrace
Salvato in:
| Autore principale: | |
|---|---|
| Natura: | Libro |
| Lingua: | ceco |
| Pubblicazione: |
Praha
Portál
2008
|
| Soggetti: | |
| Tags: |
Nessun Tag, puoi essere il primo ad aggiungerne!!
|
MARC
| LEADER | 00000nam$a2200000$$$4500 | ||
|---|---|---|---|
| 001 | 0098625 | ||
| 005 | 20240313133550.5 | ||
| 020 | |a 978-80-7367-467-0 | ||
| 041 | 0 | |a cze | |
| 044 | |a CZ | ||
| 245 | 1 | 0 | |a Teorie evropské integrace |c Petr Kratochvíl |
| 264 | 1 | |a Praha |b Portál |c 2008 | |
| 300 | |a 219 s. | ||
| 610 | 2 | 0 | |a integrácia ekonomická medzinárodná |
| 610 | 2 | 0 | |a história |
| 610 | 2 | 0 | |a komunikácia |
| 610 | 2 | 0 | |a smery filozofické |
| 610 | 2 | 0 | |a inštitucionalizmus |
| 610 | 2 | 0 | |a politológia |
| 610 | 2 | 0 | |a postmodernizmus |
| 610 | 2 | 0 | |a teórie politické |
| 610 | 2 | 0 | |a štúdie |
| 610 | 2 | 0 | |a vzťahy medzinárodné |
| 610 | 2 | 0 | |a Európa |
| 100 | 1 | |a Kratochvíl, Petr | |